Вопросы риккетсиологии. [Вып. 1. Ч. 1] (Запись № 6369407)

Подробности
000 -МАРКЕР
контрольное поле 01162nam2a22002411 4500
001 - ИДЕНТИФИКАТОР ЗАПИСИ
контрольное поле rc\2243532
005 - ИДЕНТИФИКАТОР ВЕРСИИ
контрольное поле 20250623014327.0
035 ## - ДРУГИЕ СИСТЕМНЫЕ НОМЕРА
Идентификатор записи (NLR Aleph) 006514958
100 ## - ДАННЫЕ ОБЩЕЙ ОБРАБОТКИ
Данные общей обработки 20110829d1978 |||y0rusy50 ca
101 0# - ЯЗЫК РЕСУРСА
Язык текста, звукозаписи и т.д. русский
102 ## - СТРАНА ПУБЛИКАЦИИ ИЛИ ПРОИЗВОДСТВА
Страна публикации Российская Федерация
105 ## - ПОЛЕ КОДИРОВАННЫХ ДАННЫХ: ТЕКСТОВЫЕ МАТЕРИАЛЫ, МОНОГРАФИЧЕСКИЕ
Кодированные данные о монографическом текстовом документе y z |||||
200 0# - ЗАГЛАВИЕ И СВЕДЕНИЯ ОБ ОТВЕТСТВЕННОСТИ
Основное заглавие [Вып. 1. Ч. 1]
210 ## - ПУБЛИКАЦИЯ, РАСПРОСТРАНЕНИЕ И ДР.
Дата издания, распространения и т.д. 1978
Место издания, распространения и т.д. Б. м.
215 ## - ФИЗИЧЕСКАЯ ХАРАКТЕРИСТИКА
Специфическое обозначение материала и объем 58 с.
461 #0 - УРОВЕНЬ НАБОРА
Встроенное поле 001rc\2243531
-- 2001#$aВопросы риккетсиологии$e(Сб. науч. тр.)$fИн-т эпидемиологии и микробиологии им. Н.Ф. Гамалеи АМН СССР$v[Вып. 1. Ч. 1]
Системный номер (АБИС) связанной записи 6369398
Место публикации Москва
Дата публикации 1978
Первые сведения об ответственности Ин-т эпидемиологии и микробиологии им. Н.Ф. Гамалеи АМН СССР
Имя издателя, распространителя и т.д. [Б. и.]
Сведения, относящиеся к заглавию (Сб. науч. тр.)
Заглавие Вопросы риккетсиологии
Номер тома [Вып. 1. Ч. 1]
801 #0 - ИСТОЧНИК ЗАПИСИ
Страна Российская Федерация
Организация NLR
Правила каталогизации psbo
801 #1 - ИСТОЧНИК ЗАПИСИ
Страна Российская Федерация
Организация ELAR
Источник данных rusmarc
830 ## - ОБЩЕЕ ПРИМЕЧАНИЕ, СОСТАВЛЕННОЕ КАТАЛОГИЗАТОРОМ
Текст примечания С Вып. 1. Ч. 2 (1979) хранится в журнальном фонде (К-50). Шифр: П16/1510. См. каталог периодических изданий
852 ## - МЕСТОНАХОЖДЕНИЕ И ШИФР ХРАНЕНИЯ
Идентификатор организации NLR
Шифр хранения (Call Number) 78-6/2719
942 ## - ДОПОЛНИТЕЛЬНЫЕ ЭЛЕМЕНТЫ ЗАПИСИ (АБИС)
Тип экземпляра АБИС Книга
980 ## - КОЛЛЕКЦИЯ
Название коллекции Национальная библиография
Экземпляры
Тип экземпляра Дата поступления Библиотека постоянного хранения Библиотека текущего хранения Место хранения Шифр хранения Штрих-код Статус экземпляра
Книга 26.10.2013 РНБ (Московский) РНБ (Московский) Русский книжный фонд: издания с 1957 года 78-6/2719 6514958-10